000 00609cam a2200205 a 4500
001 13089993
003 OSt
005 20140708172400.0
008 030212s1994 mex ale
020 _a970-05-0496-4
040 _aORX
_cBMC
_dDLC
082 _a430.46003
082 _a460.43003
245 0 0 _aHarper Collins pocket
_b: diccionario : español-alemán, alemán-español
260 _aMéxico, D.F.
_bGrijalbo
_ccop. 1994
300 _aX, 406 p.
_c17 cm
650 2 4 _921488
_aLengua alemana
_vDiccionarios
_xEspañol
650 2 4 _921487
_aLengua española
_vDiccionarios
_xAlemán
942 _2ddc
_cBK
999 _c11871
_d11871